Ergonomics for agricultural engineers (Record no. 17677)
[ view plain ]
| 000 -LEADER | |
|---|---|
| fixed length control field | 00448nam a22001817a 4500 |
| 003 - CONTROL NUMBER IDENTIFIER | |
| control field | OSt |
| 008 - FIXED-LENGTH DATA ELEMENTS--GENERAL INFORMATION | |
| fixed length control field | 230508b |||||||| |||| 00| 0 eng d |
| 020 ## - INTERNATIONAL STANDARD BOOK NUMBER | |
| ISBN | 9788183602976 |
| 041 ## - LANGUAGE CODE | |
| Language code of text/sound track or separate title | eng |
| 082 ## - DEWEY DECIMAL CLASSIFICATION NUMBER | |
| Classification number | 620.85 |
| Item number | VIN/ER |
| 100 ## - MAIN ENTRY--AUTHOR NAME | |
| Personal name | Vinod kumar |
| 100 ## - MAIN ENTRY--AUTHOR NAME | |
| Personal name | Mukesh jain |
| 100 ## - MAIN ENTRY--AUTHOR NAME | |
| Personal name | Vijaya rani |
| 245 ## - TITLE STATEMENT | |
| Title | Ergonomics for agricultural engineers |
| 260 ## - PUBLICATION, DISTRIBUTION, ETC. (IMPRINT) | |
| Place of publication | New delhi |
| Name of publisher | jain brothers |
| Year of publication | 2021 |
| 300 ## - PHYSICAL DESCRIPTION | |
| Number of Pages | 149 |
| 942 ## - ADDED ENTRY ELEMENTS (KOHA) | |
| Koha item type | Book Bank scheme for SC students |
| Withdrawn status | Lost status | Damaged status | Collection code | Home library | Current library | Shelving location | Date acquired | Source of acquisition | Cost, normal purchase price | Full call number | Accession Number | Koha item type |
|---|---|---|---|---|---|---|---|---|---|---|---|---|
| General Books | KAUAET | KAUAET | Scheme | 31/03/2023 | eedeeyou, Manjeri | 225.00 | 620.85 VIN/ER | BB 665 | Book Bank scheme for SC students | |||
| General Books | KAUAET | KAUAET | General Stacks | 25/03/2023 | EEDEEYOU,Manjeri | 225.00 | 620.85 VIN/ER | 26176 | Books | |||
| General Books | KAUAET | KAUAET | General Stacks | 25/03/2023 | EEDEEYOU,Manjeri | 225.00 | 620.85 VIN/ER | 26177 | Books |
